00621nam a2200181Ia 4500008004100000082001300041100001900054245004700073250000800120260003000128300001400158500002400172650001500196942000700211952010200218952010200320999001700422230524s9999 xx 000 0 und d a612bVEN aS.K.Venkataram 0aBiomedical Electronics and Instrumentation a2ND aNEW DELHIbGalgotiac2003 aXXVII;528 aQuantity Number: 2 aBiomedical cBK 00104070aTATCLbTATCLcGENd2023-05-24l0o612 VENp9230r2023-05-24w2023-05-24yBKzBSCM2201 00104070aTATCLbTATCLcGENd2023-05-24l0o612 VENp9231r2023-05-24w2023-05-24yBKzBSCM2201 c34070d34070